000 00399nam a2200145Ia 4500
008 250112s9999 xx 000 0 und d
020 _a978-94-6209-500-7
100 _aConrad P Pritscher
245 0 _aSkin Color
250 _a2014
260 _c2014
_bSensePublishers
440 _aTransgressions
856 _uhttps://link.springer.com/openurl?genre=book&isbn=978-94-6209-500-7
942 _cEB
999 _c376536
_d376536